000 00345nam a22001457a 4500
020 _a9780769615384
041 _aeng
080 _a81.1
245 _aWord Search
260 _aAshland
_bLandolls
_c2000
440 _v58
520 _aA collection of word searches.
_0Word Searches, Puzzles, Games
650 _aEnglish Practice
999 _c281478
_d281478
942 _cBK